200 największych miast w Polsce - Statystyki

Ogólne statystyki
  • Ten quiz został rozwiązany 4 030 razy
    3 709 od ostatniego zresetowania
  • Średni wynik to 106 z 200
Statystyki odpowiedzi
NR Liczba ludności Województwo Miasto % Poprawnych
1 1 794 166 Mazowieckie Warszawa
95%
2 779 966 Małopolskie Kraków
94%
3 672 185 Łódzkie Łódź
94%
6 470 805 Pomorskie Gdańsk
93%
5 532 048 Wielkopolskie Poznań
92%
4 641 928 Dolnośląskie Wrocław
92%
12 244 969 Pomorskie Gdynia
91%
9 338 586 Lubelskie Lublin
91%
7 398 255 Zachodniopomorskie Szczecin
91%
11 290 553 Śląskie Katowice
90%
8 344 091 Kujawsko-Pomorskie Bydgoszcz
89%
10 296 958 Podlaskie Białystok
88%
15 198 613 Kujawsko-Pomorskie Toruń
88%
18 193 415 Świętokrzyskie Kielce
85%
27 127 839 Opolskie Opole
85%
17 196 638 Podkarpackie Rzeszów
85%
20 171 249 Warmińsko-Mazurskie Olsztyn
84%
14 209 296 Mazowieckie Radom
84%
13 217 530 Śląskie Częstochowa
83%
19 177 049 Śląskie Gliwice
81%
24 140 892 Lubuskie Zielona Góra
80%
16 197 586 Śląskie Sosnowiec
79%
22 169 756 Śląskie Bielsko-Biała
77%
23 163 255 Śląskie Bytom
77%
21 170 924 Śląskie Zabrze
77%
30 118 582 Warmińsko-Mazurskie Elbląg
76%
29 122 589 Lubuskie Gorzów Wielkopolski
76%
35 107 498 Małopolskie Tarnów
76%
129 35 286 Pomorskie Sopot
74%
37 106 235 Zachodniopomorskie Koszalin
73%
32 118 268 Mazowieckie Płock
73%
54 69 639 Podlaskie Suwałki
73%
36 106 846 Śląskie Chorzów
72%
95 46 198 Zachodniopomorskie Kołobrzeg
72%
51 71 710 Dolnośląskie Lubin
72%
28 126 871 Śląskie Tychy
72%
66 61 903 Warmińsko-Mazurskie Ełk
71%
52 71 674 Kujawsko-Pomorskie Inowrocław
71%
45 78 335 Dolnośląskie Jelenia Góra
71%
39 98 436 Dolnośląskie Legnica
71%
49 72 527 Wielkopolskie Piła
71%
38 99 106 Wielkopolskie Kalisz
70%
48 72 539 Wielkopolskie Konin
70%
25 137 128 Śląskie Rybnik
70%
33 109 971 Dolnośląskie Wałbrzych
70%
31 118 285 Śląskie Dąbrowa Górnicza
69%
44 83 558 Małopolskie Nowy Sącz
69%
34 108 561 Kujawsko-Pomorskie Włocławek
69%
56 67 570 Wielkopolskie Gniezno
67%
40 93 564 Kujawsko-Pomorskie Grudziądz
67%
50 72 250 Łódzkie Piotrków Trybunalski
67%
165 26 846 Małopolskie Zakopane
67%
63 62 785 Lubelskie Zamość
67%
42 89 780 Pomorskie Słupsk
65%
72 59 779 Podkarpackie Przemyśl
64%
26 136 423 Śląskie Ruda Śląska
64%
107 40 948 Zachodniopomorskie Świnoujście
64%
69 61 135 Lubelskie Chełm
63%
61 62 854 Wielkopolskie Leszno
63%
65 62 573 Podlaskie Łomża
63%
64 62 623 Mazowieckie Pruszków
63%
46 77 813 Mazowieckie Siedlce
63%
192 22 462 Dolnośląskie Jawor
62%
71 60 021 Opolskie Kędzierzyn-Koźle
62%
75 56 942 Lubelskie Biała Podlaska
61%
70 60 075 Podkarpackie Mielec
61%
55 67 579 Zachodniopomorskie Stargard
61%
76 56 419 Łódzkie Bełchatów
60%
96 45 944 Podkarpackie Krosno
60%
41 90 368 Śląskie Jaworzno
59%
94 46 360 Podkarpackie Tarnobrzeg
59%
86 49 099 Pomorskie Wejherowo
59%
62 62 844 Śląskie Żory
59%
83 51 656 Mazowieckie Ostrołęka
58%
59 66 120 Dolnośląskie Głogów
57%
43 88 038 Śląskie Jastrzębie-Zdrój
57%
57 68 404 Świętokrzyskie Ostrowiec Świętokrzyski
57%
73 59 623 Podkarpackie Stalowa Wola
57%
68 61 338 Łódzkie Tomaszów Mazowiecki
57%
82 53 529 Mazowieckie Legionowo
56%
117 38 101 Pomorskie Malbork
56%
47 74 559 Śląskie Mysłowice
56%
53 71 560 Wielkopolskie Ostrów Wielkopolski
56%
67 61 756 Śląskie Tarnowskie Góry
56%
60 63 945 Łódzkie Pabianice
55%
88 48 670 Mazowieckie Piaseczno
55%
89 47 655 Łódzkie Skierniewice
55%
74 59 430 Pomorskie Tczew
55%
78 56 008 Śląskie Będzin
54%
136 33 257 Małopolskie Nowy Targ
54%
102 43 356 Opolskie Nysa
54%
80 54 702 Śląskie Piekary Śląskie
54%
97 45 353 Łódzkie Radomsko
54%
79 55 673 Łódzkie Zgierz
54%
150 29 946 Podlaskie Augustów
53%
119 37 569 Małopolskie Oświęcim
53%
93 46 965 Lubelskie Puławy
53%
187 22 997 Świętokrzyskie Sandomierz
53%
58 66 270 Śląskie Siemianowice Śląskie
53%
137 33 206 Warmińsko-Mazurskie Iława
52%
81 54 259 Śląskie Racibórz
52%
134 33 981 Śląskie Cieszyn
51%
98 45 189 Podkarpackie Dębica
51%
103 43 332 Łódzkie Kutno
51%
99 44 317 Mazowieckie Otwock
51%
92 47 272 Pomorskie Starogard Gdański
51%
77 56 222 Dolnośląskie Świdnica
51%
91 47 576 Śląskie Wodzisław Śląski
51%
87 48 703 Śląskie Zawiercie
51%
110 39 647 Pomorskie Chojnice
49%
84 49 536 Pomorskie Rumia
49%
90 47 638 Świętokrzyskie Starachowice
49%
85 49 108 Śląskie Świętochłowice
49%
109 39 827 Zachodniopomorskie Szczecinek
49%
149 30 733 Śląskie Żywiec
49%
122 36 999 Podkarpackie Sanok
48%
130 35 226 Opolskie Brzeg
47%
104 41 390 Łódzkie Sieradz
47%
100 44 260 Świętokrzyskie Skarżysko-Kamienna
47%
101 43 883 Mazowieckie Ciechanów
46%
120 37 073 Podkarpackie Jarosław
45%
133 34 542 Podkarpackie Jasło
45%
161 27 896 Łódzkie Łowicz
45%
108 40 916 Mazowieckie Mińsk Mazowiecki
45%
180 24 215 Małopolskie Wieliczka
45%
121 37 052 Lubuskie Żary
45%
142 32 243 Zachodniopomorskie Police
44%
157 28 964 Warmińsko-Mazurskie Giżycko
43%
169 26 421 Dolnośląskie Kłodzko
43%
186 23 254 Opolskie Kluczbork
43%
138 33 087 Dolnośląskie Oława
43%
112 38 763 Lubelskie Świdnik
43%
141 32 452 Mazowieckie Grodzisk Mazowiecki
42%
160 28 691 Mazowieckie Nowy Dwór Mazowiecki
42%
140 32 714 Warmińsko-Mazurskie Ostróda
42%
152 29 810 Dolnośląskie Zgorzelec
42%
131 35 101 Pomorskie Lębork
41%
146 31 129 Mazowieckie Mława
41%
116 38 191 Lubuskie Nowa Sól
41%
124 36 848 Mazowieckie Wołomin
41%
111 39 550 Mazowieckie Żyrardów
41%
155 29 554 Małopolskie Bochnia
40%
114 38 486 Dolnośląskie Bolesławiec
40%
123 36 979 Dolnośląskie Oleśnica
39%
132 34 757 Małopolskie Olkusz
39%
115 38 329 Pomorskie Kwidzyn
38%
125 36 816 Mazowieckie Marki
38%
106 41 003 Śląskie Mikołów
38%
105 41 288 Łódzkie Zduńska Wola
38%
200 21 754 Łódzkie Aleksandrów Łódzki
37%
127 35 891 Mazowieckie Sochaczew
37%
199 21 892 Łódzkie Wieluń
37%
113 38 546 Mazowieckie Ząbki
37%
126 36 118 Małopolskie Chrzanów
36%
128 35 839 Śląskie Czechowice-Dziedzice
36%
172 25 702 Śląskie Pszczyna
36%
167 26 707 Pomorskie Reda
36%
175 25 265 Lubuskie Żagań
36%
135 33 917 Lubelskie Kraśnik
35%
148 31 000 Wielkopolskie Września
35%
145 31 261 Śląskie Myszków
34%
144 31 578 Pomorskie Pruszcz Gdański
34%
168 26 441 Wielkopolskie Turek
34%
177 25 044 Podlaskie Bielsk Podlaski
33%
171 26 114 Lubelskie Biłgoraj
33%
185 23 551 Śląskie Lubliniec
33%
178 24 949 Zachodniopomorskie Wałcz
33%
170 26 225 Wielkopolskie Jarocin
32%
118 37 801 Śląskie Knurów
32%
193 22 435 Dolnośląskie Polkowice
32%
184 23 672 Wielkopolskie Środa Wielkopolska
32%
139 32 869 Dolnośląskie Dzierżoniów
31%
197 21 924 Mazowieckie Płońsk
31%
189 22 813 Warmińsko-Mazurskie Szczytno
31%
163 26 980 Mazowieckie Wyszków
31%
147 31 039 Śląskie Czeladź
30%
164 26 973 Małopolskie Gorlice
30%
166 26 788 Warmińsko-Mazurskie Kętrzyn
30%
182 23 778 Pomorskie Kościerzyna
30%
198 21 921 Podlaskie Zambrów
30%
196 21 979 Zachodniopomorskie Goleniów
29%
156 29 176 Wielkopolskie Śrem
29%
188 22 984 Warmińsko-Mazurskie Bartoszyce
28%
181 23 950 Zachodniopomorskie Białogard
28%
158 28 701 Kujawsko-Pomorskie Brodnica
28%
158 28 701 Wielkopolskie Krotoszyn
28%
194 22 216 Mazowieckie Ostrów Mazowiecka
28%
151 29 862 Wielkopolskie Swarzędz
27%
143 32 015 Wielkopolskie Luboń
26%
154 29 441 Lubelskie Łuków
26%
174 25 486 Kujawsko-Pomorskie Świecie
26%
183 23 716 Wielkopolskie Kościan
24%
173 25 607 Wielkopolskie Wągrowiec
21%
162 27 888 Śląskie Czerwionka-Leszczyny
20%
179 24 366 Małopolskie Skawina
19%
153 29 523 Dolnośląskie Bielawa
17%
191 22 559 Mazowieckie Piastów
16%
195 22 130 Śląskie Łaziska Górne
15%
176 25 149 Mazowieckie Kobyłka
13%
190 22 642 Dolnośląskie Świebodzice
13%
Nie znaleziono quizów pasujących do podanych kryteriów
Rozkład punktacji
Procent ludzi z każdym wynikiem
Percentyl według liczby udzielonych odpowiedzi
Twoja historia wyników
Nie rozwiązałeś tego quizu od ostatniego zresetowania